<?xml version="1.0" encoding="UTF-8"?>
<record
    xmlns:xsi="http://www.w3.org/2001/XMLSchema-instance"
    xsi:schemaLocation="http://www.loc.gov/MARC21/slim http://www.loc.gov/standards/marcxml/schema/MARC21slim.xsd"
    xmlns="http://www.loc.gov/MARC21/slim">

  <leader>00729nab a22001817a 4500</leader>
  <controlfield tag="001">10542</controlfield>
  <controlfield tag="003">KOSZ 005</controlfield>
  <controlfield tag="005">20180427120420.0</controlfield>
  <controlfield tag="008">180427s1985    pl ||||| |||| 00|  0pol  </controlfield>
  <datafield tag="040" ind1=" " ind2=" ">
    <subfield code="c">BPK</subfield>
    <subfield code="d">KOSZ 005/HR</subfield>
  </datafield>
  <datafield tag="080" ind1=" " ind2=" ">
    <subfield code="a">94(438)</subfield>
  </datafield>
  <datafield tag="100" ind1="1" ind2=" ">
    <subfield code="a">POLAK, Bogus&#x142;aw.</subfield>
    <subfield code="d"> 1979 - 1996.</subfield>
    <subfield code="b">Wy&#x17C;sza Szko&#x142;a In&#x17C;ynierska w Koszalinie - Instytut Zarz&#x105;dzania i Marketingu,</subfield>
    <subfield code="c"> Katedra Nauk Humanistycznych</subfield>
  </datafield>
  <datafield tag="245" ind1="1" ind2="0">
    <subfield code="a">Ksi&#x119;ga chwa&#x142;y poleg&#x142;ych Armii "Pozna&#x144;" /</subfield>
    <subfield code="c">Bogus&#x142;aw Polak.</subfield>
  </datafield>
  <datafield tag="500" ind1=" " ind2=" ">
    <subfield code="a">Dane z kartoteki bpp.</subfield>
  </datafield>
  <datafield tag="650" ind1=" " ind2="0">
    <subfield code="a">Armia "Pozna&#x144;".</subfield>
  </datafield>
  <datafield tag="773" ind1="0" ind2=" ">
    <subfield code="i">W :</subfield>
    <subfield code="t">Nurt : miesi&#x119;cznik spo&#x142;eczno-kulturalny. -</subfield>
    <subfield code="d">Pozna&#x144; : Pozna&#x144;skie Wydaw. Prasowe "Prasa". -</subfield>
    <subfield code="g">1985. nr 6, s. 9-13</subfield>
    <subfield code="x">0137-8880 </subfield>
  </datafield>
  <datafield tag="942" ind1=" " ind2=" ">
    <subfield code="c">ART</subfield>
    <subfield code="2">UKD</subfield>
  </datafield>
  <datafield tag="999" ind1=" " ind2=" ">
    <subfield code="c">10542</subfield>
    <subfield code="d">10542</subfield>
  </datafield>
</record>
